000 00339nam a2200145Ia 4500
008 230917s9999||||xx |||||||||||||| ||und||
040 _e108825
_aMAIN
041 _aEnglish
082 _a823.8 D772C
100 _aDoyle, Conan
245 0 _aSherlock Hlomes
260 _aLondon
_bChancellas Press
_c1986
300 _a986 p.
942 _cBK
999 _c82570
_d82570